Heritage : Vietnam airlines inflight magazine 158
Nội dung số này trình bày: nhã nhạc hồi sinh, giữ lửa cho nghề tổ, Bác Hồ và chuyến trở lại nước Đức, người nhớ bác qua từng bức ảnh.
Sparad:
| Materialtyp: | Bok |
|---|---|
| Språk: | Vietnamese |
| Publicerad: |
H.
Vietnam airlines
2015
|
| Ämnen: | |
| Taggar: |
Lägg till en tagg
Inga taggar, Lägg till första taggen!
|
| Thư viện lưu trữ: | Thư viện Trường Đại học Nam Cần Thơ |
|---|
| LEADER | 00893nam a22002057a 4500 | ||
|---|---|---|---|
| 001 | NCT_133170 | ||
| 008 | 220303b xxu||||| |||| 00| 0 vie d | ||
| 999 | |c 6853 |d 6853 | ||
| 041 | 0 | |a vie | |
| 082 | 0 | 4 | |2 23rd ed. |a 915.97 |b H546 |
| 245 | 0 | 0 | |a Heritage : |b Vietnam airlines inflight magazine |n 158 |c Vietnam airlines |
| 260 | |a H. |b Vietnam airlines |c 2015 | ||
| 300 | |c 29 cm | ||
| 310 | |a Tháng 1 kỳ | ||
| 362 | |a 5/2015 | ||
| 520 | 3 | |a Nội dung số này trình bày: nhã nhạc hồi sinh, giữ lửa cho nghề tổ, Bác Hồ và chuyến trở lại nước Đức, người nhớ bác qua từng bức ảnh. | |
| 655 | |a Tạp chí | ||
| 942 | |2 ddc |c CR | ||
| 952 | |0 0 |1 0 |2 ddc |4 0 |6 915_970000000000000_H546 |7 0 |9 24741 |a 000001 |b 000001 |d 2022-06-01 |o 915.97 H546 |r 2022-06-01 |w 2022-06-01 |y CR | ||
| 980 | |a Thư viện Trường Đại học Nam Cần Thơ | ||